[Event "Chigorin Memorial 06th"]
[Site "St Petersburg"]
[Date "1998.11.06"]
[Round "6"]
[White "Kochyev, Alexander"]
[Black "Pozdniakov, Sergei"]
[Result "1-0"]
[WhiteElo "2435"]
[BlackElo "2295"]
[PlyCount "55"]
[EventDate "1998.10.31"]
[EventType "swiss"]
[EventRounds "9"]
[EventCountry "RUS"]
[SourceTitle "CBM 067 Extra"]
[Source "ChessBase"]
[SourceDate "1999.01.01"]
[SourceVersion "1"]
[SourceVersionDate "1999.01.01"]
[SourceQuality "1"]

1. Nf3 Nf6 2. g3 g6 3. c4 Bg7 4. d4 c5 5. Bg2 cxd4 6. Nxd4 0-0 7. Nc3 d6 8. 0-0 a6 9. b3 Qc7 10. Bb2 Nc6 11. Nc2 Rb8 12. Qd2 b5 13. Nd5 Nxd5 14. Bxg7 Kxg7 15. cxd5 Ne5 16. Nd4 Bb7 17. Qg5 Rbe8 18. Rac1 Qb6 19. Nf5+ Kh8 20. Nxe7 f6 21. Qh6 Rf7 22. Nc6 Rc7 23. Qf4 Kg7 24. Nd4 Bc8 25. Qe3 Kf7 26. Ne6 Rb7 27. Rc7+ Kg8 28. Rg7+ 1-0

[Event "Chigorin Memorial 06th"]
[Site "St Petersburg"]
[Date "1998.11.04"]
[Round "5"]
[White "Pozdniakov, Sergei"]
[Black "Skatchkov, Pavel"]
[Result "1/2-1/2"]
[WhiteElo "2295"]
[BlackElo "2420"]
[PlyCount "124"]
[EventDate "1998.10.31"]
[EventType "swiss"]
[EventRounds "9"]
[EventCountry "RUS"]
[SourceTitle "CBM 067 Extra"]
[Source "ChessBase"]
[SourceDate "1999.01.01"]
[SourceVersion "1"]
[SourceVersionDate "1999.01.01"]
[SourceQuality "1"]

1. e4 e5 2. Nf3 Nf6 3. Nxe5 d6 4. Nf3 Nxe4 5. d3 Nf6 6. d4 h6 7. Bd3 d5 8. 0-0 Be7 9. Re1 0-0 10. Nbd2 Nc6 11. c3 Be6 12. Ne5 Nxe5 13. dxe5 Nd7 14. Bc2 c5 15. f4 f5 16. exf6 Rxf6 17. Nf3 Bd6 18. Rxe6 Rxe6 19. Qxd5 Nf8 20. Bf5 Qf6 21. Bxe6+ Qxe6 22. Qxe6+ Nxe6 23. f5 Nf4 24. Bxf4 Bxf4 25. Rd1 b5 26. Kf2 a5 27. g3 Bc7 28. Rd7 Bd8 29. g4 b4 30. h4 bxc3 31. bxc3 Bf6 32. c4 Rb8 33. g5 hxg5 34. hxg5 Bc3 35. Ke3 Rb2 36. Rd3 Rc2 37. Ke4 Ba1 38. Kd5 Rxa2 39. Kxc5 Rc2 40. Kb5 Bb2 41. Rd2 Rc3 42. Nd4 Bc1 43. Rg2 Be3 44. Ne6 Kf7 45. Rh2 Kg8 46. Ra2 Rb3+ 47. Kxa5 g6 48. Ka4 Rd3 49. Kb4 Kf7 50. Ra6 Bd2+ 51. Ka4 gxf5 52. g6+ Ke7 53. g7 Rg3 54. Ra8 Kxe6 55. g8Q+ Rxg8 56. Rxg8 f4 57. c5 Be3 58. c6 Kd6 59. Rg6+ Kc7 60. Rf6 Kb6 61. Kb3 Bc1 62. Kc4 Bb2 1/2-1/2

[Event "Chigorin Memorial 06th"]
[Site "St Petersburg"]
[Date "1998.11.02"]
[Round "3"]
[White "Pozdniakov, Sergei"]
[Black "Guliev, Sarhan"]
[Result "1/2-1/2"]
[WhiteElo "2295"]
[BlackElo "2465"]
[PlyCount "141"]
[EventDate "1998.10.31"]
[EventType "swiss"]
[EventRounds "9"]
[EventCountry "RUS"]
[SourceTitle "CBM 067 Extra"]
[Source "ChessBase"]
[SourceDate "1999.01.01"]
[SourceVersion "1"]
[SourceVersionDate "1999.01.01"]
[SourceQuality "1"]

1. e4 c6 2. d4 d5 3. Nd2 dxe4 4. Nxe4 Nd7 5. Nf3 Ngf6 6. Ng3 e6 7. Bd3 c5 8. 0-0 cxd4 9. Nxd4 Bc5 10. Nf3 0-0 11. b3 Qa5 12. Qe2 Ba3 13. Bd2 Bb4 14. Ne4 Bxd2 15. Nfxd2 b6 16. Nc4 Qh5 17. Nxf6+ Nxf6 18. Qxh5 Nxh5 19. Be4 Rb8 20. Ne5 Nf6 21. Bf3 Bb7 22. Bxb7 Rxb7 23. Rfd1 b5 24. c4 bxc4 25. Nxc4 g6 26. Rac1 Kg7 27. Ne3 Rfb8 28. f3 g5 29. Rc5 Kg6 30. Kf2 h5 31. Nc2 Nd7 32. Rc3 a5 33. Rd4 Kf6 34. Ne3 Ne5 35. h4 gxh4 36. Rxh4 Rb5 37. Rf4+ Kg5 38. Ra4 Ng6 39. Rc7 f5 40. Ra7 Rd8 41. Nc4 Rd3 42. R4xa5 Rbd5 43. R5a6 Kf6 44. Rc7 h4 45. Rcc6 Nf4 46. g3 hxg3+ 47. Kxg3 Ne2+ 48. Kg2 Kg5 49. Rd6 Nd4 50. Rxd5 exd5 51. Ne5 Rd2+ 52. Kg3 f4+ 53. Kh3 Kf5 54. Ng4 Nxf3 55. Nh6+ Ke5 56. Nf7+ Kd4 57. Kg4 Ne5+ 58. Nxe5 Kxe5 59. Ra8 Rg2+ 60. Kf3 Rg3+ 61. Kf2 Kd4 62. b4 Kc4 63. Rf8 Ra3 64. Rxf4+ d4 65. Ke1 Kc3 66. Rf3+ d3 67. Rf8 Kb2 68. Rc8 Rc3 69. Rxc3 Kxc3 70. Kd1 Kxb4 71. Kd2 1/2-1/2

[Event "Chigorin Memorial 06th"]
[Site "St Petersburg"]
[Date "1998.11.01"]
[Round "2"]
[White "Popov, Valerij"]
[Black "Pozdniakov, Sergei"]
[Result "1-0"]
[WhiteElo "2520"]
[BlackElo "2295"]
[PlyCount "105"]
[EventDate "1998.10.31"]
[EventType "swiss"]
[EventRounds "9"]
[EventCountry "RUS"]
[SourceTitle "CBM 067 Extra"]
[Source "ChessBase"]
[SourceDate "1999.01.01"]
[SourceVersion "1"]
[SourceVersionDate "1999.01.01"]
[SourceQuality "1"]

1. Nf3 Nf6 2. c4 e6 3. Nc3 d5 4. d4 dxc4 5. Bg5 Be7 6. e4 h6 7. Bxf6 Bxf6 8. Bxc4 Nd7 9. 0-0 a6 10. Qe2 b5 11. Bb3 Bb7 12. Rfd1 Nb6 13. Rd3 Qd7 14. Rad1 b4 15. e5 bxc3 16. exf6 c2 17. Qxc2 gxf6 18. d5 Nxd5 19. Ba4 c6 20. Nd4 Rc8 21. Nf5 Kd8 22. Qc3 Kc7 23. Ne3 Kb8 24. Nxd5 exd5 25. Qxf6 Rhg8 26. b4 Rg4 27. a3 Rcg8 28. g3 R8g6 29. Qe5+ Qc7 30. Qe8+ Ka7 31. Re1 Rf6 32. Re7 Qb6 33. Rde3 Re4 34. R7xe4 dxe4 35. Qe7 Qd4 36. Qxe4 Qxe4 37. Rxe4 c5 38. Re7 cxb4 39. axb4 Rb6 40. Rxf7 Rxb4 41. Bc6 Rb1+ 42. Kg2 a5 43. Kf3 a4 44. Bxb7 Rxb7 45. Rf4 Rb3+ 46. Kg4 a3 47. Ra4+ Kb6 48. f4 Rb2 49. Rxa3 Rxh2 50. Kf5 h5 51. Kg5 Rh3 52. f5 h4 53. Kg4 1-0

[Event "RUS-Cup01 Chigorin Memorial"]
[Site "St Petersburg"]
[Date "1997.11.02"]
[Round "2"]
[White "Nikitin, Andrey"]
[Black "Pozdniakov, Sergei"]
[Result "1/2-1/2"]
[WhiteElo "2480"]
[BlackElo "2280"]
[PlyCount "80"]
[EventDate "1997.11.01"]
[EventType "swiss"]
[EventRounds "9"]
[EventCountry "RUS"]
[SourceTitle "CBM 061 Extra"]
[Source "ChessBase"]
[SourceDate "1998.03.09"]
[SourceVersion "1"]
[SourceVersionDate "1998.03.09"]
[SourceQuality "1"]

1. e4 c6 2. d4 d5 3. Nd2 dxe4 4. Nxe4 Nd7 5. Nf3 Ngf6 6. Ng3 e6 7. Bd3 Be7 8. 0-0 b6 9. Qe2 Bb7 10. b3 0-0 11. c4 c5 12. Bb2 cxd4 13. Nxd4 Nc5 14. Bc2 Re8 15. Rad1 Qc7 16. Rfe1 Ncd7 17. a3 Nf8 18. Ne4 a6 19. Nf3 Nxe4 20. Bxe4 Ng6 21. Ne5 Bxe4 22. Qxe4 Bd6 23. Nxg6 hxg6 24. Qd4 Bf8 25. Qd7 Re7 26. Qa4 Qb7 27. Rd3 Rc7 28. Be5 Rc6 29. Red1 b5 30. cxb5 Qxb5 31. Qf4 f6 32. Bb2 Rc2 33. Qe4 Qc6 34. Qxc6 Rxc6 35. Kf1 Rb8 36. b4 a5 37. Rd8 Rxd8 38. Rxd8 axb4 39. axb4 Kf7 40. Rd7+ Ke8 1/2-1/2

[Event "St Petersburg White Nights op"]
[Site "St Petersburg"]
[Date "1997.??.??"]
[Round "?"]
[White "Pozdniakov, Sergei"]
[Black "Altshul, Raffael"]
[Result "0-1"]
[WhiteElo "2355"]
[BlackElo "2365"]
[PlyCount "60"]
[EventDate "1997.??.??"]
[EventType "swiss"]
[EventRounds "9"]
[EventCountry "RUS"]
[SourceTitle "EXT 2000"]
[Source "ChessBase"]
[SourceDate "1999.11.16"]
[SourceVersion "1"]
[SourceVersionDate "1999.11.16"]
[SourceQuality "1"]

1. e4 c5 2. Nf3 e6 3. d4 cxd4 4. Nxd4 Qb6 5. Nb3 Qc7 6. Bd3 Nf6 7. 0-0 d6 8. Nc3 a6 9. a4 b6 10. f4 Nbd7 11. Qe2 Bb7 12. Bd2 Be7 13. Rae1 e5 14. g4 exf4 15. Bxf4 Ne5 16. h3 0-0 17. Nd4 Nfd7 18. Nf5 Rfe8 19. Ne3 Qc5 20. Kh2 Bh4 21. Rc1 Ng6 22. Ncd5 Nxf4 23. Rxf4 Bxd5 24. Nxd5 Bg5 25. Rcf1 Bxf4+ 26. Rxf4 b5 27. axb5 axb5 28. Bxb5 Ra1 29. Rf1 Rxe4 30. Qf3 Ne5 0-1

[Event "St Petersburg White Nights op"]
[Site "St Petersburg"]
[Date "1997.??.??"]
[Round "?"]
[White "Pozdniakov, Sergei"]
[Black "Ignatiev, Felix N"]
[Result "1/2-1/2"]
[WhiteElo "2355"]
[BlackElo "2355"]
[PlyCount "63"]
[EventDate "1997.??.??"]
[EventType "swiss"]
[EventRounds "9"]
[EventCountry "RUS"]
[SourceTitle "EXT 2000"]
[Source "ChessBase"]
[SourceDate "1999.11.16"]
[SourceVersion "1"]
[SourceVersionDate "1999.11.16"]
[SourceQuality "1"]

1. e4 d6 2. d4 Nf6 3. Nc3 g6 4. Nf3 Bg7 5. Bc4 0-0 6. Bb3 Nc6 7. 0-0 Bg4 8. Be3 e5 9. dxe5 Nxe5 10. Bf4 Nfd7 11. Re1 Bh5 12. Re3 Nxf3+ 13. gxf3 Ne5 14. Bxe5 Bxe5 15. Qf1 Qh4 16. Qg2 Kh8 17. Rb1 c6 18. Ne2 f5 19. c3 Rf6 20. h3 Raf8 21. Rf1 b5 22. a3 h6 23. Bd1 c5 24. Bc2 R6f7 25. Bd1 a6 26. f4 Bxe2 27. Rxe2 Bxf4 28. Bc2 fxe4 29. Bxe4 d5 30. Bc2 h5 31. Re6 Bg3 32. Rxg6 1/2-1/2

[Event "St Petersburg White Nights op"]
[Site "St Petersburg"]
[Date "1997.??.??"]
[Round "?"]
[White "Pozdniakov, Sergei"]
[Black "Razuvajeva, Julia"]
[Result "1/2-1/2"]
[WhiteElo "2355"]
[BlackElo "2105"]
[PlyCount "60"]
[EventDate "1997.??.??"]
[EventType "swiss"]
[EventRounds "9"]
[EventCountry "RUS"]
[SourceTitle "EXT 2000"]
[Source "ChessBase"]
[SourceDate "1999.11.16"]
[SourceVersion "1"]
[SourceVersionDate "1999.11.16"]
[SourceQuality "1"]

1. e4 c5 2. Nf3 Nc6 3. d4 cxd4 4. Nxd4 g6 5. Nc3 Bg7 6. Be3 d6 7. Qd2 Nf6 8. f3 0-0 9. Bc4 Bd7 10. 0-0-0 Ne5 11. Bb3 Rc8 12. h4 h5 13. Bh6 Nc4 14. Bxc4 Rxc4 15. Bxg7 Kxg7 16. Kb1 Qa5 17. Nd5 Qxd2 18. Rxd2 Re8 19. b3 Rc5 20. c4 Nxd5 21. cxd5 Rec8 22. Kb2 a5 23. Rc2 Rxc2+ 24. Nxc2 f5 25. exf5 Bxf5 26. Ne3 Rc5 27. a3 Kf6 28. b4 axb4 29. axb4 Rc7 30. f4 Be4 1/2-1/2

[Event "St Petersburg White Nights op"]
[Site "St Petersburg"]
[Date "1997.??.??"]
[Round "?"]
[White "Vunder, Andrei"]
[Black "Pozdniakov, Sergei"]
[Result "0-1"]
[WhiteElo "2230"]
[BlackElo "2355"]
[PlyCount "62"]
[EventDate "1997.??.??"]
[EventType "swiss"]
[EventRounds "9"]
[EventCountry "RUS"]
[SourceTitle "EXT 2000"]
[Source "ChessBase"]
[SourceDate "1999.11.16"]
[SourceVersion "1"]
[SourceVersionDate "1999.11.16"]
[SourceQuality "1"]

1. e4 c6 2. d4 d5 3. exd5 cxd5 4. c4 Nf6 5. Nc3 g6 6. cxd5 Bg7 7. Bc4 0-0 8. Nf3 Nbd7 9. 0-0 Nb6 10. Bb3 Nbxd5 11. Re1 Bf5 12. Ne5 Rc8 13. Qf3 Be6 14. Bg5 Nxc3 15. Bxe6 fxe6 16. bxc3 Nd5 17. Qh3 Qd6 18. Bd2 Rf5 19. Ng4 h5 20. Ne3 Nxe3 21. fxe3 Rcf8 22. Re2 Qa6 23. Ree1 Rf2 24. Rad1 Qxa2 25. Bc1 Rc2 26. e4 Rff2 27. Kh1 Rxg2 28. Bf4 Rg4 29. Bb8 Qc4 30. Re3 Bh6 31. Rg3 Qe2 0-1

[Event "RUS-Cup01 Chigorin Memorial"]
[Site "St Petersburg"]
[Date "1996.??.??"]
[Round "9"]
[White "Macieja, Bartlomiej"]
[Black "Pozdniakov, Sergei"]
[Result "1-0"]
[WhiteElo "2460"]
[BlackElo "2360"]
[PlyCount "89"]
[EventDate "1996.11.??"]
[EventType "swiss"]
[EventRounds "9"]
[EventCountry "RUS"]
[SourceTitle "CBM 056 Extra"]
[Source "ChessBase"]
[SourceDate "1997.03.01"]
[SourceVersion "1"]
[SourceVersionDate "1997.03.01"]
[SourceQuality "1"]

1. e4 c6 2. d4 d5 3. Nc3 dxe4 4. Nxe4 Bf5 5. Ng3 Bg6 6. h4 h6 7. Nf3 Nd7 8. h5 Bh7 9. Bd3 Bxd3 10. Qxd3 e6 11. Bf4 Qa5+ 12. Bd2 Qc7 13. 0-0-0 0-0-0 14. Ne4 Ngf6 15. g3 Nxe4 16. Qxe4 Nf6 17. Qe2 c5 18. Bf4 Bd6 19. Bxd6 Rxd6 20. dxc5 Qxc5 21. Ne5 Rxd1+ 22. Rxd1 Qc7 23. Rd4 Kb8 24. a3 Nd5 25. Rc4 Qe7 26. Rg4 Rg8 27. c4 Nf6 28. Rd4 Rc8 29. Kb1 Qc5 30. Rd7 Rc7 31. Rd8+ Rc8 32. Rd7 Rc7 33. Rd8+ Rc8 34. Rxc8+ Kxc8 35. Nxf7 Qf5+ 36. Ka1 Kd7 37. Ne5+ Kc7 38. g4 Qe4 39. Qxe4 Nxe4 40. f4 Nd2 41. b4 Nf1 42. Kb2 Ne3 43. Kc3 Ng2 44. Ng6 Kd7 45. Kd2 1-0

[Event "RUS-Cup01 Chigorin Memorial"]
[Site "St Petersburg"]
[Date "1996.??.??"]
[Round "2"]
[White "Pozdniakov, Sergei"]
[Black "Ionov, Sergey"]
[Result "0-1"]
[WhiteElo "2360"]
[BlackElo "2490"]
[PlyCount "118"]
[EventDate "1996.11.??"]
[EventType "swiss"]
[EventRounds "9"]
[EventCountry "RUS"]
[SourceTitle "CBM 056 Extra"]
[Source "ChessBase"]
[SourceDate "1997.03.01"]
[SourceVersion "1"]
[SourceVersionDate "1997.03.01"]
[SourceQuality "1"]

1. e4 c5 2. Nf3 d6 3. d4 cxd4 4. Nxd4 Nf6 5. Nc3 Nc6 6. Be2 e6 7. Be3 Be7 8. 0-0 Bd7 9. f4 Nxd4 10. Bxd4 Bc6 11. Bf3 0-0 12. Qe1 Qc7 13. Qg3 Rad8 14. Rad1 b5 15. a3 a5 16. Qf2 b4 17. axb4 axb4 18. Ne2 Nxe4 19. Bxe4 Bxe4 20. Bb6 Qxc2 21. Bxd8 Rxd8 22. Nd4 Qc7 23. Rc1 Qb7 24. Rfd1 Bf6 25. Rc4 Bd5 26. Rc2 g6 27. Rcd2 Be4 28. Ne2 Qa6 29. Ng3 Ba8 30. Nf1 Kg7 31. Ne3 h5 32. Qf1 Qb6 33. Qf2 Qa6 34. Qf1 Qb6 35. Qf2 Qb8 36. Qe2 Be4 37. Ng4 hxg4 38. Qxe4 d5 39. Qe3 Rc8 40. Qg3 Rc4 41. Rf1 Re4 42. Qxg4 Qb6+ 43. Kh1 Qe3 44. Qd1 Rxf4 45. Rxf4 Qxf4 46. Kg1 Be5 47. g3 Qe4 48. Rg2 Bd4+ 49. Kf1 Bxb2 50. Qc2 Qxc2 51. Rxc2 Bc3 52. Ra2 b3 53. Ra3 b2 54. Rb3 e5 55. Ke2 e4 56. Ke3 f5 57. Rb6 g5 58. h3 d4+ 59. Kf2 d3 0-1

[Event "RUS-Cup01 Chigorin Memorial"]
[Site "St Petersburg"]
[Date "1996.??.??"]
[Round "8"]
[White "Pozdniakov, Sergei"]
[Black "Klimov, Sergey"]
[Result "1-0"]
[WhiteElo "2360"]
[BlackElo "2400"]
[PlyCount "97"]
[EventDate "1996.11.??"]
[EventType "swiss"]
[EventRounds "9"]
[EventCountry "RUS"]
[SourceTitle "CBM 056 Extra"]
[Source "ChessBase"]
[SourceDate "1997.03.01"]
[SourceVersion "1"]
[SourceVersionDate "1997.03.01"]
[SourceQuality "1"]

1. e4 c5 2. Nf3 Nc6 3. d4 cxd4 4. Nxd4 g6 5. Be3 Bg7 6. Nc3 Nf6 7. f3 0-0 8. Qd2 d5 9. Nxc6 bxc6 10. 0-0-0 Qa5 11. exd5 cxd5 12. Bd4 Rb8 13. Kb1 Re8 14. f4 Rb4 15. Nxd5 Nxd5 16. Bxg7 Be6 17. c4 Bf5+ 18. Bd3 Bxd3+ 19. Qxd3 Nxf4 20. Qd7 Qf5+ 21. Qxf5 gxf5 22. Bd4 Rxc4 23. g3 Ne2 24. Bxa7 e5 25. Rhe1 Re4 26. Bf2 f4 27. Rd2 f3 28. Rd3 Rc8 29. Rxf3 Rec4 30. Be3 Nd4 31. Bxd4 Rxd4 32. a3 Rd2 33. Rxe5 Rxh2 34. Rg5+ Kf8 35. Rgf5 Rc7 36. Rb5 Ke7 37. a4 Rc4 38. Ra3 h5 39. a5 h4 40. gxh4 Rhxh4 41. a6 Ra4 42. Ra5 Rxa3 43. Rxa3 Rh8 44. b4 Kd6 45. Rc3 Rb8 46. Ka2 f5 47. b5 Ra8 48. Kb3 f4 49. Kb4 1-0

[Event "RUS-Cup01 Chigorin Memorial"]
[Site "St Petersburg"]
[Date "1996.??.??"]
[Round "6"]
[White "Pozdniakov, Sergei"]
[Black "Raaste, Eero J"]
[Result "1/2-1/2"]
[WhiteElo "2360"]
[BlackElo "2360"]
[PlyCount "95"]
[EventDate "1996.11.??"]
[EventType "swiss"]
[EventRounds "9"]
[EventCountry "RUS"]
[SourceTitle "CBM 056 Extra"]
[Source "ChessBase"]
[SourceDate "1997.03.01"]
[SourceVersion "1"]
[SourceVersionDate "1997.03.01"]
[SourceQuality "1"]

1. e4 e6 2. d4 d5 3. Nc3 Bb4 4. e5 b6 5. a3 Bf8 6. Nf3 Ne7 7. b4 c6 8. Bd3 Ba6 9. b5 cxb5 10. Nxb5 Nec6 11. a4 h6 12. Ba3 Bxa3 13. Rxa3 0-0 14. 0-0 Nd7 15. Re1 Qe7 16. Nd6 Bxd3 17. Rxd3 f6 18. Rc3 Na5 19. Qe2 fxe5 20. dxe5 Nc5 21. Nd4 Nab7 22. Nxb7 Qxb7 23. Qg4 Qd7 24. Rh3 Qf7 25. Rf3 Qe7 26. Rg3 Rf7 27. f4 Raf8 28. Rf1 Qg5 29. f5 Qxg4 30. Rxg4 exf5 31. Rg6 f4 32. Rd6 Rd7 33. Rxd7 Nxd7 34. e6 Nc5 35. e7 Re8 36. Nc6 Ne4 37. Rxf4 Nf6 38. g4 Kf7 39. h4 Ke6 40. g5 hxg5 41. hxg5 Ne4 42. Rf8 Kd7 43. Rxe8 Kxe8 44. Nxa7 Kxe7 45. Nc8+ Kd7 46. Nxb6+ Kc6 47. Nc8 Nxg5 48. Ne7+ 1/2-1/2